The class that went wild

Bibliographic Details
Main Author: Thomas, Ruth
Format: Book
Published: London : Hutchinson , 1988

MARC

LEADER 00000cam a2200000 7i4500
001 0000003343
002 000003608
005 20000330.0
020 |a 0091736188 
090 0 0 |a JF   |b THO 
100 1 |a Thomas, Ruth 
245 1 4 |a The class that went wild   |c Ruth Thomas 
260 |a London :   |b Hutchinson ,   |c 1988 
300 |a 226p. ;   |c 1988. 
999 |a 031317   |b BUKU   |c JUNIOR FICTION   |e PERPUSTAKAAN KOMUNITI PETALING JAYA 
999 |a 031318   |b BUKU   |c PINJAMAN   |e PERPUSTAKAAN KOMUNITI PETALING JAYA